01522nam a2200289 a 450000100100000000500170001000800410002704000250006808200200009310000420011324500800015526000530023530000200028849000100030859000260031865000280034465000310037270000440040383000170044791000380046495201330050295201330063595201330076895201900090195201240109199900170121500001050920260305073958.0091007t1985 dr 001 p spa d aDO-SdBNPbspacBNPHU aRD861.44bT693a1 aTorres, Luis Alfredo,d1935-1992927610aAntología poética /cLuis Alfredo Torres ; prólogo Cándido Gerón. aSanto Domingo :bEditorial Santo Domingo,c1985. a96 p. ;c21 cm.1 aOrfeo aInventariado, 2019/LP 0aPoesía dominicana966 0aLiteratura dominicana.9671 aGerón, Candido,d1948-epról.93577 0aOrfeo918812 aValidado. Control de calidad EMS. 001054708DSaGRbGRcHDd2009-10-07iLF1l0oRD861.44 T693ap10509-30r2020-06-25te. 3w2020-06-25yLFDSZPréstamo en sala 001054708DSaGRbGRcHDd2011-03-03iLF1l0oRD861.44 T693ap10509-40r2020-06-25te. 4w2020-06-25yLFDSZPréstamo en sala 001054708DSaGRbGRcHDd2011-04-06iLF1l0oRD861.44 T693ap10509-50r2020-06-25te. 5w2020-06-25yLFDSZPréstamo en sala 0010718PDaPDbPDcHDd2009-10-07iLF1l0oRD861.44 T693ap10509-10r2020-06-25w2020-06-25yLFPDzPerteneció a la biblioteca personal de Aída Cartagena PortalatínZNo se presta 0010718PDaPDbPDcHDd2009-10-07iLF1l0oRD861.44 T693ap10509-20r2020-06-25te. 2w2020-06-25yLFPDZNo se presta c10268d10268